[Event "Joao Pessoa de Assis Memorial 1st"]
[Site "Joao Pessoa"]
[Date "2019.11.16"]
[Round "3"]
[White "Da Silva Sobral, Antonio"]
[Black "Pinheiro, Ariana Hayelly Maci"]
[Result "1-0"]
[WhiteElo "1677"]
[BlackElo "1272"]
[PlyCount "67"]
[EventDate "2019.11.15"]
[EventType "swiss"]
[EventRounds "6"]
[EventCountry "BRA"]
[SourceTitle "CBM 193 Extra"]
[Source "ChessBase"]
[SourceDate "2020.01.31"]
[SourceVersion "1"]
[SourceVersionDate "2020.01.31"]
[SourceQuality "1"]

1. d4 d5 2. c4 c6 3. Nf3 e6 4. cxd5 cxd5 5. Nc3 Nf6 6. e3 Be7 7. Bd3 0-0 8. 0-0 h6 9. Bd2 Bd7 10. Rc1 Bc6 11. Qc2 Nbd7 12. a3 Nb6 13. Ne5 Bd6 14. Nxc6 bxc6 15. Qd1 c5 16. dxc5 Bxc5 17. b4 Bd6 18. h3 a5 19. Nb5 axb4 20. Nxd6 bxa3 21. Bb4 e5 22. Nb5 e4 23. Be2 a2 24. Bxf8 Qxf8 25. Qb3 Nfd7 26. Nc3 Nc5 27. Qxb6 Na4 28. Nxa4 Rxa4 29. Qb3 Qa8 30. Ra1 Ra5 31. Rfd1 Kf8 32. Rd2 Ke7 33. Raxa2 Rxa2 34. Rxa2 1-0

[Event "Joao Pessoa de Assis Memorial 1st"]
[Site "Joao Pessoa"]
[Date "2019.11.15"]
[Round "1"]
[White "Camara, Jose Arruda"]
[Black "Pinheiro, Ariana Hayelly Maci"]
[Result "1-0"]
[WhiteElo "1851"]
[BlackElo "1272"]
[PlyCount "55"]
[EventDate "2019.11.15"]
[EventType "swiss"]
[EventRounds "6"]
[EventCountry "BRA"]
[SourceTitle "CBM 193 Extra"]
[Source "ChessBase"]
[SourceDate "2020.01.31"]
[SourceVersion "1"]
[SourceVersionDate "2020.01.31"]
[SourceQuality "1"]

1. e4 e6 2. d4 d5 3. e5 c5 4. c3 Nc6 5. Nf3 g6 6. Be2 Bg7 7. 0-0 Nge7 8. Na3 0-0 9. Bg5 a6 10. Qd2 c4 11. Bh6 Nf5 12. Bxg7 Nxg7 13. Nc2 Ne7 14. Ne3 Nef5 15. Ng4 Ne8 16. Bd1 h5 17. Nh6+ Nxh6 18. Qxh6 Ng7 19. Ng5 Re8 20. Qh7+ Kf8 21. Qh8+ Ke7 22. Qxg7 Rf8 23. Bc2 Kd7 24. Nxf7 Qe8 25. Nd6+ Qe7 26. Qxe7+ Kxe7 27. Bxg6 Rb8 28. Bxh5 1-0

[Event "Potiguar-ch Classes"]
[Site "Natal"]
[Date "2019.09.07"]
[Round "1"]
[White "Do Nascimento, Davi Alves"]
[Black "Pinheiro, Ariana Hayelly Maci"]
[Result "1-0"]
[WhiteElo "1665"]
[BlackElo "1285"]
[PlyCount "31"]
[EventDate "2019.09.07"]
[EventType "swiss"]
[EventRounds "5"]
[EventCountry "BRA"]
[SourceTitle "EXT 2021"]
[Source "ChessBase"]
[SourceDate "2020.10.23"]
[SourceVersion "1"]
[SourceVersionDate "2020.10.23"]
[SourceQuality "1"]

1. e4 e5 2. Nf3 d6 3. Bc4 Be7 4. c3 h6 5. d4 Bg4 6. Qb3 Bh5 7. Qxb7 Nd7 8. Be3 Bxf3 9. gxf3 Ngf6 10. Rg1 Nh5 11. Na3 Rb8 12. Qxa7 Rxb2 13. Bb3 Bh4 14. 0-0-0 Qb8 15. Qxb8+ Nxb8 16. Kxb2 1-0

[Event "Natal Potiguar-ch sf"]
[Site "Natal"]
[Date "2017.09.08"]
[Round "2"]
[White "De Lima, Lussander Guilherme"]
[Black "Pinheiro, Ariana Hayelly Maci"]
[Result "1-0"]
[WhiteElo "1800"]
[BlackElo "1315"]
[PlyCount "40"]
[EventDate "2017.09.08"]
[EventType "swiss"]
[EventRounds "6"]
[EventCountry "BRA"]
[SourceTitle "CBM 180 Extra"]
[Source "ChessBase"]
[SourceDate "2017.10.06"]
[SourceVersion "1"]
[SourceVersionDate "2017.10.06"]
[SourceQuality "1"]

1. e4 e5 2. Nf3 d6 3. d4 Be7 4. dxe5 dxe5 5. Qxd8+ Bxd8 6. Nxe5 Ne7 7. Bc4 Be6 8. Bxe6 fxe6 9. 0-0 0-0 10. Nc3 Nbc6 11. Nxc6 Nxc6 12. Ne2 e5 13. Be3 Bf6 14. c3 a6 15. Rad1 h6 16. Rd7 Rf7 17. Rdd1 Rd8 18. Rxd8+ Nxd8 19. f4 Nc6 20. fxe5 Bxe5 1-0

[Event "Natal Potiguar op"]
[Site "Natal"]
[Date "2017.06.02"]
[Round "1"]
[White "Dantas, Francisco"]
[Black "Pinheiro, Ariana Hayelly Maci"]
[Result "1-0"]
[WhiteElo "1905"]
[BlackElo "1323"]
[PlyCount "73"]
[EventDate "2017.06.02"]
[EventType "swiss"]
[EventRounds "6"]
[EventCountry "BRA"]
[SourceTitle "EXT 2018"]
[Source "ChessBase"]
[SourceDate "2017.10.13"]
[SourceVersion "1"]
[SourceVersionDate "2017.10.13"]
[SourceQuality "1"]

1. d4 d5 2. c4 c6 3. Nf3 e6 4. e3 Nf6 5. Nc3 Be7 6. Bd3 0-0 7. 0-0 Re8 8. Qc2 g6 9. b3 Bd6 10. Bb2 e5 11. dxe5 Bxe5 12. Nxe5 Rxe5 13. Nxd5 Re6 14. Nxf6+ Rxf6 15. Bxf6 Qxf6 16. Rad1 Be6 17. Be2 Nd7 18. Rd2 Rd8 19. Rfd1 a6 20. Bf3 Qe7 21. Qb2 Re8 22. Qd4 Nf6 23. Qd6 Qxd6 24. Rxd6 Kg7 25. Rd8 Re7 26. Rb8 Rc7 27. Rdd8 Nd7 28. Rbc8 Rxc8 29. Rxc8 b5 30. cxb5 cxb5 31. Rc7 Ne5 32. Be2 Nd7 33. Rc6 Nb8 34. Rb6 Nd7 35. Rxa6 b4 36. Ra4 Bf5 37. Rxb4 1-0

[Event "Potiguar-ch (Women)"]
[Site "Natal"]
[Date "2017.01.22"]
[Round "9.4"]
[White "Pinheiro, Ariana Hayelly Maci"]
[Black "Nogueira, Kyvia Dantas"]
[Result "1/2-1/2"]
[WhiteElo "1215"]
[BlackElo "1534"]
[PlyCount "93"]
[EventDate "2017.01.13"]
[EventType "tourn"]
[EventRounds "9"]
[EventCountry "BRA"]
[SourceTitle "EXT 2022"]
[Source "ChessBase"]
[SourceDate "2021.10.06"]
[SourceVersion "1"]
[SourceVersionDate "2021.10.06"]
[SourceQuality "1"]

1. d4 d5 2. c4 e6 3. cxd5 Qxd5 4. Nc3 Bb4 5. a3 Bxc3+ 6. bxc3 Nf6 7. e3 Nc6 8. Nf3 0-0 9. Bd3 e5 10. dxe5 Nxe5 11. Nxe5 Qxe5 12. 0-0 Qxc3 13. Rb1 a6 14. Bb2 Qc6 15. Bxf6 Qxf6 16. Qc2 h6 17. Qxc7 Rd8 18. Rfd1 Kh8 19. Rb6 Be6 20. Rxb7 Rac8 21. Qa5 Rxd3 22. Rbb1 Rxd1+ 23. Rxd1 Qg6 24. Qxa6 Qc2 25. Qf1 Bc4 26. Qe1 Bb3 27. Ra1 Rd8 28. h3 Rd1 29. Rxd1 Qxd1 30. Qxd1 Bxd1 31. f3 Kg8 32. Kf2 Kf8 33. g4 Ke7 34. Kg3 Ke6 35. f4 Kd5 36. Kf2 Ke4 37. Ke1 Ba4 38. Ke2 g5 39. fxg5 hxg5 40. Kf2 Bd7 41. Kg3 Kxe3 42. h4 gxh4+ 43. Kxh4 Kf4 44. g5 Kf5 45. Kh5 Be8 46. Kh6 Ke6 47. a4 1/2-1/2

[Event "Potiguar-ch (Women)"]
[Site "Natal"]
[Date "2017.01.15"]
[Round "5"]
[White "Da Silva, Karina Ingryd Olive"]
[Black "Pinheiro, Ariana Hayelly Maci"]
[Result "1-0"]
[WhiteElo "1439"]
[BlackElo "1215"]
[PlyCount "85"]
[EventDate "2017.01.13"]
[EventType "tourn"]
[EventRounds "9"]
[EventCountry "BRA"]
[SourceTitle "CBM 176 Extra"]
[Source "ChessBase"]
[SourceDate "2017.03.02"]
[SourceVersion "1"]
[SourceVersionDate "2017.03.02"]
[SourceQuality "1"]

1. e4 e6 2. d4 d5 3. Nc3 c5 4. Nf3 Nc6 5. e5 Nge7 6. Bg5 cxd4 7. Nb5 Qa5+ 8. Qd2 Qxd2+ 9. Bxd2 Nf5 10. Nc7+ Kd7 11. Nxa8 g6 12. Bb5 Bg7 13. 0-0-0 b6 14. g4 Nfe7 15. Bf4 Bb7 16. Nxb6+ axb6 17. Ng5 f6 18. Nf7 Rf8 19. Nd6 Ba8 20. exf6 Bxf6 21. h4 e5 22. Bh6 Rg8 23. Nf7 Kc8 24. g5 Bh8 25. Bxc6 Bxc6 26. Nxh8 Rxh8 27. Bg7 Re8 28. Bxe5 Nf5 29. Bxd4 Kb7 30. Rd2 Re4 31. c3 Rxh4 32. Rxh4 Nxh4 33. Rd3 Nf5 34. Rh3 Nd6 35. Rxh7+ Ka6 36. Re7 Nf5 37. Re6 Kb5 38. b3 Nxd4 39. cxd4 Bd7 40. Rxg6 Bf5 41. Rf6 Be4 42. f3 Bd3 43. g6 1-0

[Event "Santa Cruz Potiguar-ch"]
[Site "Santa Cruz"]
[Date "2016.12.17"]
[Round "1"]
[White "Viana, Helio Fernandes"]
[Black "Pinheiro, Ariana Hayelly Maci"]
[Result "1-0"]
[WhiteElo "1901"]
[BlackElo "1218"]
[PlyCount "55"]
[EventDate "2016.12.17"]
[EventType "swiss"]
[EventRounds "5"]
[EventCountry "BRA"]
[SourceTitle "CBM 176 Extra"]
[Source "ChessBase"]
[SourceDate "2017.03.02"]
[SourceVersion "1"]
[SourceVersionDate "2017.03.02"]
[SourceQuality "1"]

1. e4 e6 2. d4 d5 3. Nd2 Nf6 4. e5 Nfd7 5. Bd3 c5 6. c3 Nc6 7. Ne2 Qb6 8. Nf3 Be7 9. 0-0 0-0 10. b3 f6 11. exf6 Nxf6 12. dxc5 Qxc5 13. Bb2 Bd7 14. Rc1 Qb6 15. c4 Nb4 16. Bb1 h6 17. a3 Na6 18. b4 Nc7 19. c5 Qb5 20. Ned4 Qa6 21. Ne5 b6 22. c6 Be8 23. Re1 Qc8 24. Ng4 Bf7 25. Qd3 Re8 26. Nf3 Nxg4 27. Qh7+ Kf8 28. Qxg7# 1-0

[Event "Rio Grande do Norte zt CBX"]
[Site "Natal"]
[Date "2016.04.22"]
[Round "2.10"]
[White "Da Silva, Douglas Barbosa"]
[Black "Pinheiro, Ariana Hayelly Maci"]
[Result "1-0"]
[WhiteElo "1936"]
[BlackElo "1209"]
[PlyCount "61"]
[EventDate "2016.04.22"]
[EventType "swiss"]
[EventRounds "6"]
[EventCountry "BRA"]
[SourceTitle "EXT 2022"]
[Source "ChessBase"]
[SourceDate "2021.10.06"]
[SourceVersion "1"]
[SourceVersionDate "2021.10.06"]
[SourceQuality "1"]

1. e4 e5 2. Nf3 Nc6 3. Bb5 d6 4. d4 Bd7 5. Bxc6 Bxc6 6. Nc3 Nf6 7. Qd3 Be7 8. dxe5 dxe5 9. Nxe5 0-0 10. Nxc6 bxc6 11. Qxd8 Raxd8 12. f3 h6 13. Be3 a6 14. 0-0 Rb8 15. b3 Nd7 16. Na4 Rbd8 17. Rad1 Rfe8 18. Rd3 Bd6 19. Rfd1 Ne5 20. R3d2 Rb8 21. Bc5 Bxc5+ 22. Nxc5 a5 23. Nd7 Nxd7 24. Rxd7 Rec8 25. Re7 Rb4 26. Rdd7 Rf8 27. Rxc7 a4 28. Rxc6 axb3 29. axb3 Rd4 30. Rcc7 Rd2 31. Red7 1-0